Welcome to CU Library Online Public Access Catalogue (OPAC)

Theory & practice of therapeutic massage / (Record no. 4826)

MARC details
000 -LEADER
fixed length control field 00951pam a22002534a 4500
001 - CONTROL NUMBER
control field 14122067
005 - DATE AND TIME OF LATEST TRANSACTION
control field 20250314184924.0
008 - FIXED-LENGTH DATA ELEMENTS--GENERAL INFORMATION
fixed length control field 050927s2006 at a b 001 0 eng
020 ## - INTERNATIONAL STANDARD BOOK NUMBER
International Standard Book Number 9781401880293 (hard cover)
020 ## - INTERNATIONAL STANDARD BOOK NUMBER
International Standard Book Number 1401880290 (hard cover)
020 ## - INTERNATIONAL STANDARD BOOK NUMBER
International Standard Book Number 9781401880309 (soft cover)
020 ## - INTERNATIONAL STANDARD BOOK NUMBER
International Standard Book Number 1401880304 (soft cover)
050 00 - LIBRARY OF CONGRESS CALL NUMBER
Classification number RM721
Item number .B42 2006
082 00 - DEWEY DECIMAL CLASSIFICATION NUMBER
Classification number 615.8/22
Edition information 22
100 1# - MAIN ENTRY--PERSONAL NAME
Personal name Beck, Mark.
245 10 - TITLE STATEMENT
Title Theory & practice of therapeutic massage /
Statement of responsibility, etc. Mark F. Beck ; photography by Yanik Chauvin.
250 ## - EDITION STATEMENT
Edition statement 4th ed.
260 ## - PUBLICATION, DISTRIBUTION, ETC.
Place of publication, distribution, etc. Australia ;
-- United States :
Name of publisher, distributor, etc. Thomson Delmar Learning,
Date of publication, distribution, etc. c2006.
300 ## - PHYSICAL DESCRIPTION
Extent xxix, 967 p. :
Other physical details ill. (some col.) ;
Dimensions 29 cm.
500 ## - GENERAL NOTE
General note Rev. ed. of: Milady's theory and practice of therapuetic massage. 3rd ed. 1999.
650 #0 - SUBJECT ADDED ENTRY--TOPICAL TERM
Topical term or geographic name entry element Massage therapy
Form subdivision Handbooks, manuals, etc.
700 1# - ADDED ENTRY--PERSONAL NAME
Personal name Beck, Mark.
Title of a work Milady's theory and practice of therapuetic massage.
942 ## - ADDED ENTRY ELEMENTS (KOHA)
Source of classification or shelving scheme Library of Congress Classification
Koha item type Books
Edition 4th ed.
Suppress in OPAC No
999 ## -
-- 4826
-- 4826
Holdings
Withdrawn status Lost status Source of classification or shelving scheme Damaged status Not for loan Collection Home library Current library Shelving location Date acquired Total checkouts Full call number Barcode Date last seen Copy number Price effective from Koha item type
    Library of Congress Classification     Non-fiction Science Library (Miotso) Science Library (Miotso) General stacks 03/14/2025   RM721 .B42 BEC SLM00004238 03/14/2025 1 03/14/2025 Books
© 2023-2024 Copyright: Central University Libraries. All Rights Reserved | Created by: Mahone Tech Office